Statistics for Singapore MRT Stations in Chinese (NE/Purple Line)

Click here to take the quiz!

General Stats

  • This quiz has been taken 44 times
  • The average score is 14 of 17

Answer Stats

QuestionAnswer% Correct
Chinatown牛车水
94%
Dhoby Ghaut多美歌
86%
Punggol Coast榜鹅海岸
83%
Serangoon实龙岗
83%
Clarke Quay克拉码头
83%
Little India小印度
83%
Punggol榜鹅
83%
Hougang后港
83%
Harbourfront港湾
80%
Kovan高文
77%
Boon Keng文庆
77%
Buangkok万国
77%
Sengkang盛港
77%
Potong Pasir波东巴西
77%
Woodleigh兀里
71%
Farrer Park花拉公园
71%
Outram Park欧南园
66%

Score Distribution

Percentile by Number Answered

Percent of People with Each Score

Your Score History

You have not taken this quiz